|
|
|
|
| LEADER |
01201nab#a2200337#ar4500 |
| 001 |
000070549 |
| 003 |
SVKKK |
| 005 |
20001010xxxxxxx. |
| 008 |
06 c xo huno |
| FMT |
|
|
|
| 038 |
|
|
|a SVKKK
|
| 040 |
|
|
|a SVKKK
|b slo
|e AACR2
|
| 041 |
0 |
|
|a hun
|
| 044 |
|
|
|a xo
|c SK
|
| 080 |
|
|
|a 338
|
| 100 |
1 |
|
|a Fodor, Ľudovít
|4 aut
|
| 242 |
1 |
0 |
|a Hlavné faktory zvyšovania životnej úrovne
|
| 245 |
1 |
0 |
|a A gazdasági életfejlődés főtényezői
|c Ľudovít Fodor
|
| 500 |
|
|
|a Lajos
|
| 520 |
2 |
|
|a Úvodník rozoberá pojem životná úroveň obyvateľstva na príkladoch z hospodárskeho života v Uhorsku a v Amerike. Predkladá názory sociálnych demokratov na zmenu pomerov a porovnáva ich s hlavnými znakmi kapitalistickej spoločnosti.
|
| 650 |
0 |
4 |
|a hospodárstvo národné - úroveň životná - Uhorsko - rok 1914 - kapitalizmus-socializmus - porovnania - úvodníky
|
| 773 |
0 |
|
|t Murányvölgye : Szépirodalmi, társadalmi és közgazdasági hetilap
|g Roč. 4, č. 19 (10.05.1914) s. 1 a 2
|
| 957 |
|
|
|a Amerika
|
| 957 |
|
|
|a Revúca
|
| 957 |
|
|
|a Uhorsko
|
| 958 |
|
|
|a DG
|
| 958 |
|
|
|a SK
|
| 974 |
|
|
|a ebl
|d 20001010
|
| 992 |
|
|
|a RBX
|
| BAS |
|
|
|
| 998 |
|
|
|a RETRO
|